| 000 | 01035nac a22003257a 4500 | ||
|---|---|---|---|
| 001 | BR7314145 | ||
| 003 | BR-BrBNA | ||
| 005 | 20240105113642.0 | ||
| 008 | 230509b bl.|||m| |||| 00| 0 por d | ||
| 040 |
_aBR-BrBNA _bpor _cBiblioteca Nacional de Agricultura |
||
| 072 | _aF00 | ||
| 090 | _a0195 BR7314145 | ||
| 100 | 1 | _aBaldanzi, G. | |
| 110 | 1 |
_aInstituto Agronomico do Sul, Pelotas, RS (Brasil); _95634 |
|
| 110 | 1 |
_aSecretaria da Agricultura do Parana, Curitiba (Brasil). Depto. da Producao Vegetal _98273 |
|
| 245 | 1 | _aAtual orientacao para a cultura do trigo no sul do Parana [Triticum aestivum, Brasil] | |
| 260 | 3 |
_aPelotas, RS (Brasil): _c1960. |
|
| 300 | _a20 p. | ||
| 490 |
_aCircular - Instituto Agronomico do Sul (Brazil) _vno. 12 _x |
||
| 500 | _aSummary (Pt) | ||
| 650 | _aTRIGO | ||
| 650 | _aADUBO | ||
| 650 | _aCORRETIVO | ||
| 650 | _aSEMEADURA | ||
| 650 | _aVARIEDADE | ||
| 650 | _aDEFESA VEGETAL | ||
| 650 | _aPARANA | ||
| 909 |
_a202312 _bLúcia Elande _c55 _dLúcia Elande |
||
| 942 |
_2AGRIS _n0 _cMS |
||
| 999 |
_c264824 _d264824 |
||